[Event "Mittelrhein Verbandsliga-O 1112"]
[Site "Germany"]
[Date "2011.11.13"]
[Round "3"]
[White "Wagner, Rainer"]
[Black "Nerstheimer, Rolf"]
[Result "0-1"]
[WhiteElo "2049"]
[BlackElo "1986"]
[PlyCount "128"]
[EventDate "2011.09.18"]
[EventType "team-tourn"]
[EventRounds "11"]
[EventCountry "GER"]
[SourceTitle "EXT 2013"]
[Source "ChessBase"]
[SourceDate "2012.11.22"]
[SourceVersion "1"]
[SourceVersionDate "2012.11.22"]
[SourceQuality "1"]
[WhiteTeam "Bonn Stadtverwaltung"]
[BlackTeam "Erftstadt SV"]
[WhiteTeamCountry "GER"]
[BlackTeamCountry "GER"]

1. d4 d5 2. c4 e6 3. Nc3 c6 4. Nf3 Nf6 5. e3 Bd6 6. Bd3 Nbd7 7. 0-0 e5 8. cxd5 cxd5 9. dxe5 Nxe5 10. Bb5+ Nc6 11. Kh1 Bc7 12. Nd4 0-0 13. Nxc6 bxc6 14. Be2 Qd6 15. g3 Rb8 16. b3 Re8 17. Bb2 Bd7 18. Bf3 h5 19. Rc1 h4 20. Na4 hxg3 21. hxg3 Ne4 22. Qd4 Qh6+ 23. Kg1 Ng5 24. Bg2 Re4 25. Bxe4 dxe4 26. Qxg7+ Qxg7 27. Bxg7 Kxg7 28. Rc5 Kg6 29. f4 exf3 30. Rd1 f2+ 31. Kxf2 Ne4+ 32. Kf3 Nxc5 33. Nxc5 Bc8 34. Rc1 Rb5 35. a4 Rb4 36. Nd3 Rxb3 37. Rxc6+ Be6 38. Rxc7 Rxd3 39. Rxa7 Ra3 40. a5 Kf6 41. Ke4 Ra4+ 42. Kd3 Ke5 43. Ra8 Ra3+ 44. Kd2 Ke4 45. a6 Bd5 46. Ra7 Rd3+ 47. Kc2 Kxe3 48. Re7+ Kd4 49. a7 Ra3 50. g4 Kc5 51. Kb2 Ra2+ 52. Kb1 Kd6 53. Re3 Rxa7 54. g5 Ra4 55. Rg3 Be4+ 56. Kb2 Bg6 57. Kb3 Rf4 58. Kc3 Ke5 59. Kd2 Kf5 60. Ke3 Re4+ 61. Kf3 Bh5+ 62. Kf2 Re2+ 63. Kf1 Ra2 64. Kg1 Bg4 0-1